000 01338nam a22003377a 4500
003 CHAP
005 20220817043645.0
008 000410d19 mx a r 00110 spa d
010 _a80778
011 _a81750
035 _a92227
040 _cCHAP
090 _aFolleto 15636
100 0 0 _aRosales Ayala, Silvano Héctor.
_999894
245 1 0 _aParticipación popular y reconstrucción urbana (Tepito 1985-1987)
_c/por Silvano Héctor Rosales Ayala
260 _aMéxico, D.F. :
_bUniversidad Nacional Autónoma de México. Centro Regional de Investigaciones Multidisciplinarias,
_c1987.
300 _a85 p. :
_bilus.
410 2 _aUniversidad Nacional Autónoma de México. Centro Regional de Investigaciones Multidisciplinarias
490 0 _aAportes de Investigación
_v; 23
590 _aBATCH-UPD
_b10
_c20130110
_lUCH01
_h0646
590 _aBATCH-UPD
_b10
_c20130410
_lUCH01
_h0331
590 _aBATCH-UPD
_b10
_c20130914
_lUCH01
_h1954
590 _aCONVERSION
_b10
_c20130109
_lUCH01
_h1345
650 1 4 _aReconstrucción.
_995012
810 2 _aUniversidad Nacional Autónoma de México. Centro Regional de Investigaciones Multidisciplinarias
830 0 _aAportes de Investigacion
_v; 23
_96332
901 _aBK
905 _aAlejandra Carrasco M.
942 _cFOLL
949 _aFolleto 15636
_bBC
_cFOLL
_d922271
_eTS1
_i92227
_st
999 _c80778
_d80778